00787nam a2200205 a 450000100100000000500170001000800410002702000180006804000250008610000520011124500530016326000360021630000210025249000320027383000390030504900090034495201050035395201060045899900170056400003403020200930070721.0110921s2008 es 000 0 spa d a9788497643535 aDO-SdBNPbspacBNPHU1 aNietzsche, Friedrich Wilhelm,d1844-190091928313aEl caminante y su sombra /cFriedrich Nietzsche. aMadrid :bEdimat Libros,c2008. a190 p. ;c20 cm.1 aClásicos de la literatura 0aClásicos de la literatura959477 aBNPD 001050718MOaGRbGRcHDd2011-09-21iLF1l0o p34030-10r2020-06-25w2020-06-25y1ZNo se presta 0010507-18MOaPDbPDcOId2011-09-21iLF1l0o p34031-10r2020-06-25w2020-06-25y1ZNo se presta c33521d33521